000 00638nam a22002057a 4500
999 _c17597
_d17597
003 AR-CdUCM
008 190509b ||||| |||| 00| 0 spa d
040 _aMUNICIPALIDAD PROVINCIAL DEL CUSCO
_cBIBLIOTECA MUNICIPAL DEL CUSCO
082 _a869.56 /
_bS55
100 _aSilva Santiesteban, Ricardo.
_91706
245 _aEl ciervo en la fuente /
260 _aLima :
_bPedernal,
300 _a398 páginas ;
_c21 cm.
440 _aLas musas inquietantes.
_n3.
_937706
500 _aAuspiciado por Concytec.
505 _aContenido : Versiones poéticas.
650 _aPoesía.
_9139
942 _2ddc
_cLIBROS
945 _arum
_d2019-05-09